NBA Quiz (Hard) - Statistics

General Stats
  • This quiz has been taken 90 times
  • The average score is 19 of 25
Answer Stats
Hint Answer % Correct
How many Finals MVPs does Kawhi Leonard have? 2
100%
How many championships does LeBron James have? 4
100%
How many seasons has Russell Westbrook averaged a triple-double? 4
100%
Which NBA players has the most assists and steals in league history? John Stockton
92%
Which NBA player for the Denver Nuggets has won back to back MVPs Nikola Jokic
92%
What year did Golden State blow a 3-1 lead? 2016
90%
What year did Kevin Durant leave the Thunder? 2016
90%
How many Finals MVPs does Steph Curry have? 0
88%
How many years straight did LeBron go to the finals? 8
88%
This Point-God drops dimes out in Phoenix Chris Paul
85%
This player is Philly´s best PG ever, and he also played for Denver and Memphis in his career Allen Iverson
83%
How many all-star games has Kevin Durant been in? 11
81%
What Rockets center won them two NBA titles in the 90s? Hakeem Olajuwon
79%
Who is the high-flying Grizzlie PG that dunks on everyone? Ja Morant
78%
This NBA player was considered one of Washington´s greats PGs ever when he spent his time their from 2010 to 2018 John Wall
78%
This player has the third most points in NBA history but never one a championship? Karl Malone
78%
What NBA player was the first pick in the 2013 NBA draft (Considered biggest bust in NBA history) Anthony Bennett
74%
What NBA team drafted Kobe Bryant? Charlotte Hornets
74%
What team blew a 3-1 to Golden State the series before Golden State blew a 3-1 lead? Oklahoma City Thunder
72%
Center for the Boston Celtics (Beast) Robert Williams
69%
Current best player on the OKC Thunder Shai Gilgeous-Alexander
68%
Who has the most points in Memphis Grizzlies history? Mike Conley
62%
This NBA players holds the record for most seasons played in the league ever Vince Carter
58%
This NBA player won a Finals, Finals MVP, and DPOY all in his career Kawhi Leonard
31%
This NBA team always is terrible New York Knicks
31%
No matching quizzes found
Score Distribution
Percent of People with Each Score
Percentile by Number Answered
Your Score History
You have not taken this quiz